[Event "Athens Smaok op 6h"]
[Site "Athens"]
[Date "2016.04.12"]
[Round "5.16"]
[White "Nikolaidis, Georgios"]
[Black "Mavromoustakos, Thomas"]
[Result "1-0"]
[WhiteElo "1690"]
[BlackElo "1581"]
[PlyCount "105"]
[EventDate "2016.03.15"]
[EventType "swiss"]
[EventRounds "7"]
[EventCountry "GRE"]
[SourceTitle "EXT 2024"]
[Source "ChessBase"]
[SourceDate "2023.10.10"]
[SourceVersion "1"]
[SourceVersionDate "2023.10.10"]
[SourceQuality "1"]

1. Nf3 Nf6 2. d4 d5 3. c4 e6 4. e3 Be7 5. Nc3 0-0 6. Bd3 dxc4 7. Bxc4 Nbd7 8. 0-0 c5 9. Re1 cxd4 10. Nxd4 Nb6 11. Bb3 Nbd5 12. Nxd5 Nxd5 13. e4 Nf6 14. Bg5 h6 15. Bh4 e5 16. Nf3 Qxd1 17. Raxd1 Bg4 18. Bg3 Bxf3 19. gxf3 Bb4 20. Re3 Rfe8 21. Red3 b5 22. Bd5 Rac8 23. Rb3 a5 24. a3 Bc5 25. Rxb5 Bd4 26. Rxa5 Bxb2 27. Ra7 Nxd5 28. Rxd5 Rc3 29. Kg2 Rxa3 30. Rxa3 Bxa3 31. Bxe5 f6 32. Bd4 Kf7 33. h4 Be7 34. h5 Rd8 35. Rxd8 Bxd8 36. Kg3 Ke6 37. Bc5 Kf7 38. f4 Bc7 39. Kg4 Ke6 40. f5+ Kf7 41. Kf3 Be5 42. Ke3 Ke8 43. Kd3 Bf4 44. Kc4 Kf7 45. Kd5 Be5 46. Be3 Bb2 47. f4 Ba3 48. e5 fxe5 49. fxe5 Bb2 50. Bd4 Ba3 51. e6+ Kg8 52. Kc6 Bc1 53. Kd7 1-0

[Event "Athens Smaok 1900+ op 6th"]
[Site "Athens"]
[Date "2010.06.01"]
[Round "4.15"]
[White "Nikolaidis, Georgios"]
[Black "Fessas, Prokopios"]
[Result "0-1"]
[WhiteElo "1872"]
[BlackElo "1911"]
[PlyCount "66"]
[EventDate "2010.05.11"]
[EventType "swiss"]
[EventRounds "7"]
[EventCountry "GRE"]
[SourceTitle "EXT 2024"]
[Source "ChessBase"]
[SourceDate "2023.10.10"]
[SourceVersion "1"]
[SourceVersionDate "2023.10.10"]
[SourceQuality "1"]

1. e4 c6 2. Nf3 d5 3. Nc3 Bg4 4. h3 Bxf3 5. Qxf3 e6 6. exd5 cxd5 7. d4 Nc6 8. Be3 Nf6 9. Bd3 Qb6 10. Rb1 Be7 11. 0-0 0-0 12. Rfd1 Nb4 13. Bg5 Rfc8 14. a3 Nxd3 15. Rxd3 Rc4 16. Qe3 Rac8 17. b3 R4c6 18. b4 Qc7 19. Bf4 Bd6 20. Bxd6 Qxd6 21. Rb3 Rc4 22. b5 b6 23. Qg5 h6 24. Qe3 Qc7 25. Qd2 Kh7 26. g4 Ne4 27. Nxe4 dxe4 28. Rg3 Rxc2 29. Qe3 Rc1+ 30. Kg2 Qc2 31. g5 Qd1 32. Qxe4+ g6 33. Rge3 hxg5 0-1

[Event "Athens Smaok op 4th"]
[Site "Athens"]
[Date "2010.02.09"]
[Round "5"]
[White "Nikolaidis, Georgios"]
[Black "Soursos, Panayotis"]
[Result "1-0"]
[WhiteElo "1889"]
[BlackElo "1730"]
[PlyCount "133"]
[EventDate "2010.01.12"]
[EventType "swiss"]
[EventRounds "7"]
[EventCountry "GRE"]
[SourceTitle "EXT 2011"]
[Source "ChessBase"]
[SourceDate "2010.11.26"]
[SourceVersion "1"]
[SourceVersionDate "2010.11.26"]
[SourceQuality "1"]

1. e4 c5 2. Nc3 d6 3. g3 Nc6 4. Bg2 Nf6 5. d3 g6 6. Nf3 Bg7 7. 0-0 0-0 8. h3 a6 9. Nd2 e6 10. Nc4 d5 11. exd5 exd5 12. Nd2 Be6 13. Nf3 d4 14. Ne2 Rc8 15. Bd2 c4 16. Nf4 cxd3 17. Nxd3 Bd5 18. b3 Ne4 19. Bf4 Re8 20. Re1 Nc3 21. Rxe8+ Qxe8 22. Qd2 Ne2+ 23. Kf1 Nxf4 24. Qxf4 Qd7 25. Re1 Re8 26. Rxe8+ Qxe8 27. Ng5 Bxg2+ 28. Kxg2 Ne5 29. Nxe5 Bxe5 30. Qe4 Qc6 31. Qxc6 bxc6 32. Kf3 Bf6 33. Ne4 Be7 34. Ke2 f5 35. Nd2 Kf7 36. Kd3 c5 37. Kc4 Ke6 38. Nf3 g5 39. g4 h6 40. b4 cxb4 41. Nxd4+ Kf6 42. Nxf5 Bf8 43. Kd5 h5 44. Nd4 hxg4 45. hxg4 Kf7 46. Kc4 Bd6 47. Nc6 Ke6 48. Nxb4 a5 49. Nd3 Bc7 50. f3 Kd6 51. Kd4 Bb6+ 52. Ke4 Ke6 53. c4 Bc7 54. a4 Bd6 55. c5 Be7 56. Kd4 Bf6+ 57. Kc4 Be7 58. Kb5 Kd7 59. Kb6 Bf6 60. Kb7 Bd8 61. c6+ Kd6 62. Nf2 Kc5 63. Ne4+ Kb4 64. Nxg5 Kxa4 65. Ne6 Kb3 66. Nxd8 a4 67. c7 1-0

[Event "Porto Carras op 4th"]
[Site "Porto Carras"]
[Date "2009.07.24"]
[Round "8"]
[White "Nikolaidis, Georgios"]
[Black "Jevtic, Miroljub L"]
[Result "0-1"]
[WhiteElo "1912"]
[BlackElo "2164"]
[PlyCount "72"]
[EventDate "2009.07.18"]
[EventType "swiss"]
[EventRounds "9"]
[EventCountry "GRE"]
[SourceTitle "CBM 131 Extra"]
[Source "ChessBase"]
[SourceDate "2009.09.03"]
[SourceVersion "2"]
[SourceVersionDate "2009.09.16"]
[SourceQuality "1"]

1. e4 e5 2. Nf3 Nc6 3. Nc3 Bc5 4. Nxe5 Nxe5 5. d4 Bd6 6. dxe5 Bxe5 7. Bc4 Bxc3+ 8. bxc3 d6 9. 0-0 Ne7 10. Be3 0-0 11. f4 Be6 12. Bd3 f5 13. g4 fxe4 14. Bxe4 Bc4 15. Rf2 d5 16. Bd3 Bxd3 17. cxd3 b6 18. f5 c5 19. Bg5 Qd6 20. Re2 Rf7 21. Re6 Qd7 22. Qe2 Nc6 23. Re1 Raf8 24. Bf4 Rf6 25. Qg2 Rc8 26. Bd6 Rxe6 27. Rxe6 Nd8 28. Qxd5 Nxe6 29. fxe6 Qc6 30. Qe5 Qf3 31. Qf5 Qxf5 32. gxf5 Rd8 33. e7 Re8 34. d4 cxd4 35. cxd4 Kf7 36. d5 Rxe7 0-1

[Event "Porto Carras op 4th"]
[Site "Porto Carras"]
[Date "2009.07.19"]
[Round "2"]
[White "Pavlidis, Anastasios"]
[Black "Nikolaidis, Georgios"]
[Result "1-0"]
[WhiteElo "2348"]
[BlackElo "1912"]
[PlyCount "39"]
[EventDate "2009.07.18"]
[EventType "swiss"]
[EventRounds "9"]
[EventCountry "GRE"]
[SourceTitle "CBM 131 Extra"]
[Source "ChessBase"]
[SourceDate "2009.09.03"]
[SourceVersion "2"]
[SourceVersionDate "2009.09.16"]
[SourceQuality "1"]

1. d4 Nf6 2. c4 e6 3. Nf3 Bb4+ 4. Nbd2 b6 5. a3 Bxd2+ 6. Bxd2 Bb7 7. Bg5 h6 8. Bh4 g5 9. Bg3 Ne4 10. d5 Nxg3 11. hxg3 Qf6 12. Qd2 Na6 13. Rd1 0-0-0 14. e3 e5 15. b4 d6 16. Qc2 Qe7 17. Nd2 Kb8 18. e4 Bc8 19. c5 dxc5 20. b5 1-0

[Event "Athens Smaok-ch"]
[Site "Athens"]
[Date "2007.10.07"]
[Round "4.5"]
[White "Antoniadis, Konstantinos"]
[Black "Nikolaidis, Georgios"]
[Result "1-0"]
[WhiteElo "1670"]
[BlackElo "1948"]
[PlyCount "65"]
[EventDate "2007.09.12"]
[EventType "swiss"]
[EventRounds "9"]
[EventCountry "GRE"]
[SourceTitle "EXT 2024"]
[Source "ChessBase"]
[SourceDate "2023.10.10"]
[SourceVersion "1"]
[SourceVersionDate "2023.10.10"]
[SourceQuality "1"]

1. e4 b6 2. d4 Bb7 3. f3 g6 4. Be3 Bg7 5. Nc3 d6 6. Qd2 e6 7. 0-0-0 Qd7 8. d5 a6 9. h4 h6 10. g4 Ne7 11. Nge2 exd5 12. exd5 b5 13. Nf4 b4 14. Ne4 Qa4 15. Kb1 Nd7 16. Bc4 Ne5 17. Qe2 0-0 18. Bc1 Qd7 19. Rhg1 Nxc4 20. Qxc4 a5 21. Qe2 Ba6 22. Qf2 a4 23. g5 Qf5 24. Ng3 Qd7 25. Ne4 h5 26. Nf6+ Bxf6 27. gxf6 Nf5 28. Nxh5 Rfe8 29. Nf4 Kh7 30. Rg5 Rg8 31. h5 Nh6 32. hxg6+ fxg6 33. Rh1 1-0

[Event "Athens Smaok-ch"]
[Site "Athens"]
[Date "2007.09.19"]
[Round "2.6"]
[White "Akrivos, Apostolos"]
[Black "Nikolaidis, Georgios"]
[Result "0-1"]
[WhiteElo "1005"]
[BlackElo "1948"]
[PlyCount "94"]
[EventDate "2007.09.12"]
[EventType "swiss"]
[EventRounds "9"]
[EventCountry "GRE"]
[SourceTitle "EXT 2024"]
[Source "ChessBase"]
[SourceDate "2023.10.10"]
[SourceVersion "1"]
[SourceVersionDate "2023.10.10"]
[SourceQuality "1"]

1. d4 d6 2. e4 Nd7 3. Nf3 e5 4. Bb5 c6 5. Ba4 Ngf6 6. Nc3 Be7 7. 0-0 0-0 8. Re1 b5 9. Bb3 Bb7 10. a3 Qb6 11. Be3 Ng4 12. Nxe5 Ndxe5 13. dxe5 Nxe3 14. Rxe3 dxe5 15. Rf3 Rad8 16. Qe2 a5 17. Rd1 b4 18. axb4 Rxd1+ 19. Qxd1 axb4 20. Ne2 Bc8 21. Ng3 Bg4 22. Nf5 Bc5 23. h3 Bxf2+ 24. Kf1 Bxf5 25. Rxf2 Bxe4 26. Qe1 Qb5+ 27. Kg1 Bg6 28. Qe2 Qc5 29. Qc4 Qxc4 30. Bxc4 h6 31. c3 c5 32. Re2 Re8 33. Bb5 Re7 34. cxb4 cxb4 35. Re3 Bc2 36. Bd3 Bxd3 37. Rxd3 f6 38. Kf2 Kf7 39. g4 g6 40. Ke2 f5 41. gxf5 gxf5 42. Rf3 Kf6 43. Ke3 Rd7 44. Rf2 f4+ 45. Kf3 Kf5 46. Re2 e4+ 47. Kf2 Rd3 0-1

[Event "Athens Smaok op 1th"]
[Site "Athens"]
[Date "2006.11.10"]
[Round "1"]
[White "Gogolis, Alexandros"]
[Black "Nikolaidis, Georgios"]
[Result "1-0"]
[WhiteElo "2276"]
[BlackElo "1908"]
[PlyCount "87"]
[EventDate "2006.11.10"]
[EventType "swiss"]
[EventRounds "6"]
[EventCountry "GRE"]
[SourceTitle "EXT 2024"]
[Source "ChessBase"]
[SourceDate "2023.10.10"]
[SourceVersion "1"]
[SourceVersionDate "2023.10.10"]
[SourceQuality "1"]

1. d4 Nf6 2. Bg5 g6 3. Bxf6 exf6 4. e3 Bg7 5. c4 c5 6. dxc5 Qa5+ 7. Qd2 Qxd2+ 8. Kxd2 Na6 9. Nc3 Nxc5 10. g3 d6 11. Bg2 Be6 12. b3 f5 13. Nge2 0-0 14. Rhd1 Ne4+ 15. Nxe4 fxe4 16. Bxe4 Bxa1 17. Rxa1 Rab8 18. Nc3 a6 19. a4 Kg7 20. Rd1 b5 21. axb5 axb5 22. cxb5 Bxb3 23. Rb1 Bc4 24. Bc6 Rfc8 25. e4 Kf6 26. Ke3 Ke7 27. Kd4 Be6 28. Ra1 Rc7 29. Ra6 Bb3 30. f3 Be6 31. Ra3 Kd8 32. f4 Bd7 33. Ra6 Bxc6 34. bxc6 Rb4+ 35. Kd3 Rb2 36. h4 Rc8 37. Nd5 Rb3+ 38. Kd4 Rb1 39. c7+ Ke8 40. Rxd6 Rg1 41. Ke5 Rxg3 42. Nf6+ Ke7 43. Rd7+ Kf8 44. Rd8+ 1-0